000 00698nam a2200217 a 4500
005 20140310183309.0
008 050909s19uu xx 00 eng d
020 _a0721639232
050 _aRT 49
_b.Ul47 2005
100 _aUlrich, Susan Puderbaugh
245 _aNursing care planning guides:
_bfor adults in acute, extended, and home care settings.
250 _a6th ed.
260 _aMissouri :
_bElseviere Saunders,
_c2005.
300 _a897 p. :
_bcol. ill. ;
_c28 cm.
521 _aNUR
650 _aNursing
_xPlanning
_xHandbooks, manuals, etc.
650 _aPatient Care Planning
_xNurses' instruction.
700 _aCanale, Suzanne Weyland
942 _cBK
_2lcc
_kFOR
999 _c21112
_d21112